000 00610nam a2200181Ia 4500
003 GCL
008 140319s9999 xx 000 0 ara d
040 _aGCL /
_cGCL
082 0 4 _a962.16
_bع ش
100 1 _aعباس الطرابيلى
245 1 0 _aشوارع لها تاريخ : سياحة فى عقل القاهرة /
_cعباس الطرابيلى
300 _a223 ص
490 _aالهيئة العامة للاستعلامات
_v0
650 0 4 _aالقاهرة - شوارع
650 0 4 _aالقاهرة - اثار
650 0 4 _aالقاهرة - الاثار الاسلامية
942 _2ddc
_cBK
999 _c48947
_d48947